Estadísticas para 15 principales países afectados por Covid19 - 19 de junio

Haz click aquí para intentar la prueba.

Estadísticas generales

  • Esta prueba ha sido intentada 6 veces
  • La puntuación promedio es 19 de 27

Estadísticas de respuestas

país% Correcto
Alemania
100%
Brasil
100%
Chile
100%
Chile
100%
España
100%
Estados Unidos
100%
Francia
100%
India
100%
Italia
100%
Perú
100%
Reino Unido
100%
Rusia
100%
Irlanda
83%
México
83%
Bélgica
67%
Irán
67%
Turquía
67%
Baréin
50%
Suecia
50%
Catar
33%
Kuwait
33%
Pakistán
33%
Panamá
33%
Singapur
33%
Armenia
17%
Bielorrusia
17%
Omán
17%

Distribución de puntuación

Porcentaje por número respondido

Porcentaje de gente con cada puntuación

Historial de tus puntuaciones

No has intentado esta prueba.